Countries closest to Australia A-Z - Statistics

General Stats
  • This quiz has been taken 53 times
  • The average score is 19 of 24
Answer Stats
Letter Country % Correct
I Indonesia
94%
N New Zealand
92%
P Papua New Guinea
92%
Q Qatar
92%
M Malaysia
90%
S Solomon Islands
88%
E East Timor
85%
J Japan
85%
K Kiribati
85%
O Oman
85%
V Vanuatu
85%
C Cambodia
83%
Y Yemen
83%
B Brunei
81%
Z Zimbabwe
81%
T Tuvalu
79%
L Laos
77%
A Afghanistan
73%
R Russia
69%
F F. S. Micronesia
67%
D Djibouti
63%
U United Arab Emirates
60%
H Hungary
58%
G Georgia
44%
No matching quizzes found
Score Distribution
Percent of People with Each Score
Percentile by Number Answered
Your Score History
You have not taken this quiz